| 000 | 00373nam a2200133Ia 4500 | ||
|---|---|---|---|
| 008 | 150202s9999 xx 000 0 und d | ||
| 020 | _a671695126 | ||
| 050 |
_aFIC _bFIC |
||
| 100 | _aAndrews, Virginia C. | ||
| 245 |
_aSecret of the morning / _cVirginia C. Andrews. |
||
| 260 |
_aNew York : _bPocket Books, _c1991. |
||
| 300 |
_a405 pages : _c18 cm. |
||
| 650 | _aFiction. | ||
| 999 |
_c281804 _d281804 |
||